Normal view
MARC view
Entry Topical Term
001 - CONTROL NUMBER
- control field: 5051
003 - CONTROL NUMBER IDENTIFIER
- control field: BD-RjUL
005 - DATE AND TIME OF LATEST TRANSACTION
- control field: 20220928105230.0
008 - FIXED-LENGTH DATA ELEMENTS
- fixed length control field: 220928|| aca||aabn | a|a d
040 ## - CATALOGING SOURCE
- Original cataloging agency: BD-RjUL
- Transcribing agency: BD-RjUL
150 ## - HEADING--TOPICAL TERM
- Topical term or geographic name entry element: Liver function
- General subdivision: Diseases
670 ## - SOURCE DATA FOUND
- Source citation: Work cat.: (BD-RjUL)80455: Islam, Md. Khairul 3414, Association Between Arsenic Exposure and Liver Enzymes Used for Liver Function Test :, 2013